000 00370nam a2200133Ia 4500
008 100328s9999 xx 000 0 und d
082 _b63374
100 _aपोतनीस मृणालिनी.
245 _aपरिणिता.
260 _bराजश्री.
630 _aपरिणिता.
730 _aपरिणिता.
942 _cBOOK
999 _c549262
_d549259